Welcome to CU Library Online Public Access Catalogue (OPAC)

ECONOMIES IN TRANSITION (Record no. 5531)

MARC details
000 -LEADER
fixed length control field 00451nam a22001457a 4500
005 - DATE AND TIME OF LATEST TRANSACTION
control field 20250424154513.0
008 - FIXED-LENGTH DATA ELEMENTS--GENERAL INFORMATION
fixed length control field 250424b |||||||| |||| 00| 0 eng d
020 ## - INTERNATIONAL STANDARD BOOK NUMBER
International Standard Book Number 9780262731201
050 ## - LIBRARY OF CONGRESS CALL NUMBER
Classification number HC 412
100 ## - MAIN ENTRY--PERSONAL NAME
Personal name WOO, WING TYE ed
245 ## - TITLE STATEMENT
Title ECONOMIES IN TRANSITION
Remainder of title COMPARING ASIA AND EASTERN EUROPE
Statement of responsibility, etc. WING THYE WOO, STEPHEN PARKER AND JEFFREY D. SACHS eds
260 ## - PUBLICATION, DISTRIBUTION, ETC.
Place of publication, distribution, etc. CAMBRIDGE
Name of publisher, distributor, etc. MIT PRESS
Date of publication, distribution, etc. c1997
300 ## - PHYSICAL DESCRIPTION
Extent xiv;, 412p;
942 ## - ADDED ENTRY ELEMENTS (KOHA)
Source of classification or shelving scheme Library of Congress Classification
Koha item type Books
Suppress in OPAC No
999 ## -
-- 5531
-- 5531
Holdings
Withdrawn status Lost status Source of classification or shelving scheme Damaged status Not for loan Collection Home library Current library Shelving location Date acquired Total checkouts Full call number Barcode Date last seen Copy number Price effective from Koha item type
    Library of Congress Classification     Non-fiction Undergraduate Library (Christ Temple) Undergraduate Library (Christ Temple) General stacks 04/24/2025   HC 412 WIN ulct00002164 04/24/2025 1 04/24/2025 Books
© 2023-2024 Copyright: Central University Libraries. All Rights Reserved | Created by: Mahone Tech Office